| 000 | 00712nam a2200229 i 4500 | ||
|---|---|---|---|
| 001 | 34615 | ||
| 003 | ES-MaACL | ||
| 005 | 20250424062959.0 | ||
| 007 | t| | ||
| 008 | 140903s1995 sp ||||1| spa d | ||
| 020 | _a84-01-24210-X | ||
| 080 | _a821.134.2-31"19" | ||
| 100 | 1 |
_aPozo, Raúl del, _d1936- _993542 |
|
| 245 | 1 | 0 |
_aNoche de tahúres / _cRaúl del Pozo. |
| 250 | _a1ª ed. en esta colección. | ||
| 260 |
_aBarcelona : _bPlaza & Janés, _c1995. |
||
| 300 |
_a198 p.. ; _c19 cm. |
||
| 852 |
_aES-MaACL _jA-13217 _935886 _bR.150100 _cDEPO1 _dOlim: N-6217 _hDonación: José Lázaro |
||
| 903 |
_9234219 _aLázaro García, José _ednr |
||
| 942 |
_2udc _cMONOGRAFIA |
||
| 999 |
_c34615 _d34615 |
||